[Event "Wloclawek-ch"]
[Site "Wloclawek"]
[Date "2019.??.??"]
[Round "6"]
[White "Kapuscinski, Andrzej"]
[Black "Sztuka, Cezary"]
[Result "0-1"]
[WhiteElo "1095"]
[BlackElo "1491"]
[PlyCount "146"]
[EventDate "2019.09.??"]
[EventType "swiss"]
[EventRounds "9"]
[EventCountry "POL"]
[SourceTitle "EXT 2021"]
[Source "ChessBase"]
[SourceDate "2020.10.23"]
[SourceVersion "1"]
[SourceVersionDate "2020.10.23"]
[SourceQuality "1"]

1. e4 e6 2. Nf3 d5 3. exd5 exd5 4. d4 Bd6 5. Nc3 Nf6 6. Bg5 c6 7. h3 h6 8. Be3 Ne4 9. Nxe4 dxe4 10. Nd2 Bf5 11. Bc4 Bg6 12. Qg4 h5 13. Qe2 Nd7 14. 0-0-0 Nb6 15. Bb3 Nd5 16. f3 Nxe3 17. Qxe3 Qc7 18. fxe4 Bf4 19. Qf3 0-0-0 20. d5 Rhf8 21. Rhf1 Bh6 22. g4 cxd5 23. exd5 hxg4 24. hxg4 f6 25. Qc3 Qxc3 26. bxc3 Rfe8 27. Rfe1 Kc7 28. c4 Kd6 29. Ba4 Re5 30. Rxe5 Kxe5 31. Re1+ Kd6 32. Re6+ Kc7 33. Re7+ Kb6 34. Re6+ Kc5 35. Bb3 Re8 36. Rxe8 Bxe8 37. Kd1 Bxd2 38. Kxd2 Kd4 39. Ke2 Ke4 40. c5 g5 41. c4 Kf4 42. Bc2 Kxg4 43. d6 f5 44. a4 a5 45. Bd1 Bd7 46. Kf2+ Kf4 47. Bf3 Bxa4 48. Bxb7 Ke5 49. Bc8 Kf6 50. d7 Ke7 51. d8Q+ Kxd8 52. Bxf5 Bb3 53. Ke2 Kc7 54. Kd2 Bxc4 55. Kc3 Ba6 56. Kd4 Bc8 57. Bd3 g4 58. Kc3 Kc6 59. Kd4 a4 60. Be2 Be6 61. Bd1 Kb5 62. c6 Kb4 63. Ke5 Bc8 64. Kf4 a3 65. Bxg4 a2 66. Bxc8 a1Q 67. Bd7 Qd4+ 68. Kf5 Kc5 69. Ke6 Qe4+ 70. Kf7 Kd6 71. Kf8 Qe5 72. Kf7 Qg5 73. Be8 Qe7+ 0-1

[Event "Wloclawek-ch"]
[Site "Wloclawek"]
[Date "2019.??.??"]
[Round "3"]
[White "Muzalewski, Slawomir"]
[Black "Kapuscinski, Andrzej"]
[Result "1-0"]
[WhiteElo "1437"]
[BlackElo "1095"]
[PlyCount "139"]
[EventDate "2019.09.??"]
[EventType "swiss"]
[EventRounds "9"]
[EventCountry "POL"]
[SourceTitle "EXT 2021"]
[Source "ChessBase"]
[SourceDate "2020.10.23"]
[SourceVersion "1"]
[SourceVersionDate "2020.10.23"]
[SourceQuality "1"]

1. e4 e6 2. d4 c5 3. d5 exd5 4. exd5 d6 5. c4 Nf6 6. Nf3 h6 7. Nc3 Be7 8. Bd3 0-0 9. 0-0 Bg4 10. h3 Bh5 11. g4 Bg6 12. Bxg6 fxg6 13. Qd3 g5 14. Kg2 Nh7 15. b3 Bf6 16. Bb2 Nd7 17. Rae1 Ne5 18. Nxe5 Bxe5 19. Re2 Nf6 20. Bc1 Qd7 21. f3 Rae8 22. Ne4 Nxe4 23. Rxe4 Qf7 24. Bd2 Qf6 25. h4 gxh4 26. f4 Bd4 27. Rfe1 Rxe4 28. Qxe4 b6 29. Qe6+ Kh8 30. Qxf6 Bxf6 31. Re6 Rd8 32. g5 hxg5 33. fxg5 Be5 34. Re7 Ra8 35. Be1 Kh7 36. Bxh4 Kg6 37. Bg3 Bxg3 38. Kxg3 Kxg5 39. Rxg7+ Kf5 40. Re7 a5 41. a4 Rb8 42. Kf3 Ra8 43. Rb7 Ra6 44. Rd7 Ke5 45. Re7+ Kf5 46. Re6 Ra8 47. Rxd6 Rb8 48. Re6 Rb7 49. Re8 Rf7 50. Ke3 Rd7 51. Re6 Rb7 52. Rc6 Re7+ 53. Kd3 Rb7 54. d6 Ke6 55. Ke4 Kd7 56. Kd5 Kd8 57. Ke6 Rh7 58. Rxb6 Rh6+ 59. Kd5 Kd7 60. Rb7+ Kc8 61. Rc7+ Kd8 62. Kxc5 Rh5+ 63. Kc6 Rh6 64. c5 Ke8 65. Kb7 Kd8 66. Ka6 Rh5 67. Kxa5 Rh6 68. b4 Re6 69. Kb6 Ke8 70. Re7+ 1-0

[Event "Wloclawek-ch"]
[Site "Wloclawek"]
[Date "2019.??.??"]
[Round "5"]
[White "Niewiadomski, Andrzej"]
[Black "Kapuscinski, Andrzej"]
[Result "1-0"]
[WhiteElo "1800"]
[BlackElo "1095"]
[PlyCount "63"]
[EventDate "2019.09.??"]
[EventType "swiss"]
[EventRounds "9"]
[EventCountry "POL"]
[SourceTitle "EXT 2021"]
[Source "ChessBase"]
[SourceDate "2020.10.23"]
[SourceVersion "1"]
[SourceVersionDate "2020.10.23"]
[SourceQuality "1"]

1. d4 d5 2. c4 Nf6 3. cxd5 Nxd5 4. e4 Nf6 5. Bd3 e6 6. Nf3 Bb4+ 7. Nc3 Be7 8. 0-0 b6 9. Qe2 Nc6 10. Bb5 Bd7 11. Re1 0-0 12. h3 h6 13. Bf4 Nb4 14. Bc4 Re8 15. a3 Nc6 16. b4 a5 17. b5 Na7 18. Red1 c6 19. bxc6 Bxc6 20. d5 exd5 21. exd5 Bd6 22. Qd2 Bb7 23. Nd4 Bxf4 24. Qxf4 Nxd5 25. Nxd5 Bxd5 26. Nf3 Re4 27. Qxe4 Bxe4 28. Rxd8+ Rxd8 29. Ne5 Bg6 30. Nxg6 Kh7 31. Bxf7 Rd7 32. Nf8+ 1-0